| Tag |
First Indicator |
Second Indicator |
Subfields |
| LEADER |
00000cam a2200000 4500 |
| 001 |
in00001443721 |
| 005 |
20151020110748.0 |
| 008 |
810519s1925 nyua 000 0 eng d |
| 035 |
|
|
|a (OCoLC)07432175
|
| 035 |
|
|
|9 AJB5195AM
|
| 040 |
|
|
|a PLF
|c PLF
|d VXX
|d TXA
|d UtOrBLW
|
| 049 |
|
|
|a TXAM
|
| 090 |
|
|
|a QC171
|b .B7 1925
|
| 092 |
|
|
|a 530
|b B731c
|
| 100 |
1 |
|
|a Bragg, William Henry,
|d 1862-1942.
|
| 245 |
1 |
0 |
|a Concerning the nature of things :
|b six lectures delivered at the Royal Institution /
|c by Sir William Bragg.
|
| 264 |
|
1 |
|a New York :
|b Dover Publications,
|c 1925.
|
| 300 |
|
|
|a 231 pages :
|b illustrations ;
|c 20 cm.
|
| 336 |
|
|
|a text
|b txt
|2 rdacontent
|
| 337 |
|
|
|a unmediated
|b n
|2 rdamedia
|
| 338 |
|
|
|a volume
|b nc
|2 rdacarrier
|
| 500 |
|
|
|a "An unabridged reissue of the last English printing."
|
| 650 |
|
0 |
|a Matter
|x Properties.
|
| 948 |
|
|
|a c:dm
|
| 999 |
|
|
|a MARS
|
| 999 |
f |
f |
|s 46abb05a-791c-3eb1-88f6-ada2593846bf
|i 9f5dda07-da68-3c94-bbd2-889afeb86f7d
|t 0
|
| 952 |
f |
f |
|p ric
|a Texas A&M University
|b Rellis Campus
|c Joint Library Facility
|d Remote Storage
|t 0
|e QC171 .B7 1925
|h Library of Congress classification
|i unmediated -- volume
|m A14823680826
|
| 998 |
f |
f |
|a QC171 .B7 1925
|t 0
|l Remote Storage
|